000 01835nam a22002177a 4500
999 _c60408
_d60408
003 Ge_BSU
005 20230712172503.0
008 230712s2009ge xxu||||| |||| 00| 0 geo d
041 _ageo
080 _a821.353.1.092 ა-12
100 _aაბაშიძე, ირინე. შემდგენელი
_919283
245 _aირაკლი აბაშიძე, 100 /
_cირინე აბაშიძე, შემდგ. რედ. მარინე თუშიშვილი ; მხატ: გიორგი წერეთელი.
264 _aთბილისი,
_c [2009].
300 _a44 გვ. :
_bფოტ. ;
_c20 სმ.
500 _aჯვრის მონასტრის ფოტოები გადაღებულია ექსპედიციის დროს. რუსთაველის ფრესკის ფერადი ფოტო ეკუთვნის დავით ცხადაძეს.
653 _aაბაშიძე, ირაკლი, 1909-1992. ქართველი პოეტები.
700 _aთუშიშვილი, მარინე
_eრედაქტორი
_919284
700 _aწერეთელი, გიორგი
_eმხატვარი
_919285
710 _aსაქართველოს კულტურის, ძეგლთა დაცვისა და სპორტის სამინისტრო, საქართველოს მეცნიერებათა ეროვნული აკადემია, ქართული ენციკლოპედიის ირაკლი აბაშიძის სახელობის მთავარი სამეცნიერო რედაქცია ;
_919286
942 _2udc
_cBK